Aspekty motivovania absolventov vysokých škôl k práci

Bibliographic Details
Main Author: Chudý, Štefan, 1978- (Author)
Format: Article
Language:Slovak
Subjects:

MARC

LEADER 00000nab a2200000 a 4500
001 vtls000228072
003 SK-MaSNL
005 20260305023835.0
008 111202c1985 xo 0 slo
015 |a SNBRA19rr/mm-uuuuu 
035 |a CL0238186 
040 |a SNKBUCL  |b slo  |c SNKBUCL  |e AACR2 
041 0 |a slo 
044 |a xo  |c SK 
080 |a 331.01:159.9  |2 1981 
080 |a 159.9  |2 1981 
080 |a 378-057.85  |2 1981 
100 1 |a Chudý, Štefan,  |d 1978-  |4 aut  |9 221098 
245 1 0 |a Aspekty motivovania absolventov vysokých škôl k práci  |c Štefan Chudý 
650 0 7 |a vysoké školy  |2 snkbucl  |9 1277 
650 0 7 |a absolventi vysokých škôl  |2 snkbucl  |9 2784 
650 0 7 |a práca  |2 snkbucl  |9 2337 
655 7 |a články zo zborníkov  |2 snkbucl  |9 166140 
773 0 |t Šieste dni výmeny skúseností psychológov z hospodárskej praxe  |d Bratislava : Dom techniky ČSVTS, 1985 
850 |a Slovenská národná knižnica v Martine  |a MTA001 
852 |a SNK  |b KIS3GCP 
958 |a RK 
992 |a RZB 
999 |c 3299331  |d 3301261